000 01119nam a2200241Ia 4500
001 241.4-MÜL ha di (21701)
003 IT-MiSPE
008 171229s9999||||xx |||||||||||||| ||und||
040 _aIT-MiSPE
_cIT-MiSPE
041 _aITALIANO
100 _aHans-Rudolf Müller-Schwefe
240 _aDie Zehn Gebote ausgelegt für unsere Zeit
245 0 _aI dieci comandamenti
_bSpiegati per il nostro tempo
250 _a1a ed. (v)
260 _aBrescia
_bPaideia
_c1975
300 _a115 p.
_c21 cm
490 _aBiblioteca minima di cultura religiosa
_v25
501 _aEdizioni San Paolo srl - Piazza Soncino, 5 - 20092 CINISELLO BALSAMO (MI) (non commercial uses only) ® Copyright 2018
700 _aGianfranco Forza
_g(traduzione)
942 _cBK
957 _71
999 _a10427
_bNO
_g Copie: 1
_c341601
_d341601